The social worker and psychotropic medication : (Record no. 415)

MARC details
000 -LEADER
fixed length control field 00975cam a22002894a 4500
005 - DATE AND TIME OF LATEST TRANSACTION
control field 20260322212019.0
008 - FIXED-LENGTH DATA ELEMENTS--GENERAL INFORMATION
fixed length control field data
010 ## - LIBRARY OF CONGRESS CONTROL NUMBER
LC control number 2005901234
020 ## - INTERNATIONAL STANDARD BOOK NUMBER
International Standard Book Number 0534515517
020 ## - INTERNATIONAL STANDARD BOOK NUMBER
International Standard Book Number 9780534515515
040 ## - CATALOGING SOURCE
Original cataloging agency DLC
Transcribing agency DLC
Modifying agency DLC
042 ## - AUTHENTICATION CODE
Authentication code pcc
043 ## - GEOGRAPHIC AREA CODE
Geographic area code n-us---
050 00 - LIBRARY OF CONGRESS CALL NUMBER
Classification number HV689
Item number .B46 2006
082 00 - DEWEY DECIMAL CLASSIFICATION NUMBER
Classification number 362.2/0425
Edition information 22
001 - CONTROL NUMBER
control field data
100 1# - MAIN ENTRY--PERSONAL NAME
Personal name Bentley, Kia J.
245 14 - TITLE STATEMENT
Title The social worker and psychotropic medication :
Remainder of title toward effective collaboration with mental health clients, families, and providers /
Statement of responsibility, etc. Kia J. Bentley & Joseph Walsh.
250 ## - EDITION STATEMENT
Edition statement 3rd ed.
260 ## - PUBLICATION, DISTRIBUTION, ETC.
Place of publication, distribution, etc. Belmont, CA :
Name of publisher, distributor, etc. Thomson Brooks/Cole,
Date of publication, distribution, etc. c2006.
300 ## - PHYSICAL DESCRIPTION
Extent xviii, 332 p. :
Other physical details ill. ;
Dimensions 24 cm.
504 ## - BIBLIOGRAPHY, ETC. NOTE
Bibliography, etc. note Includes bibliographical references (p. [291]-321) and indexes.
650 #0 - SUBJECT ADDED ENTRY--TOPICAL TERM
Topical term or geographic name entry element Psychiatric social work
Geographic subdivision United States.
650 #0 - SUBJECT ADDED ENTRY--TOPICAL TERM
Topical term or geographic name entry element Mental illness
General subdivision Chemotherapy
Geographic subdivision United States.
650 #0 - SUBJECT ADDED ENTRY--TOPICAL TERM
Topical term or geographic name entry element Psychopharmacology
Geographic subdivision United States.
700 1# - ADDED ENTRY--PERSONAL NAME
Personal name Walsh, Joseph
Fuller form of name (Joseph F.)
Holdings
Withdrawn status Lost status Damaged status Not for loan Home library Current library Shelving location Date acquired Total checkouts Full call number Barcode Date last seen Price effective from Koha item type
        Franklin Franklin General stacks 22/03/2026   362.2/0425 22 BC0010425 22/03/2026 22/03/2026 Books